Catálogo

MEDITANDO EL MANAGEMENT : (Registro nro. 47954)

Detalles MARC
000 -LEADER
fixed length control field 01098nam a2200217 a 4500
001 - CONTROL NUMBER
control field 47954
005 - DATE AND TIME OF LATEST TRANSACTION
control field 20180714032104.0
008 - FIXED-LENGTH DATA ELEMENTS--GENERAL INFORMATION
fixed length control field 140415s2003 sp 000 0 spa d
020 ## - INTERNATIONAL STANDARD BOOK NUMBER
International Standard Book Number 8480889225
041 ## - LANGUAGE CODE
Language code of text/sound track or separate title spa
082 ## - DEWEY DECIMAL CLASSIFICATION NUMBER
Classification number 658
Item number RUP
100 1# - MAIN ENTRY--PERSONAL NAME
Personal name RUPERTI, VENTURA
245 10 - TITLE STATEMENT
Title MEDITANDO EL MANAGEMENT :
Remainder of title WWW.MEDITANDOELMANAGEMENT.COM
250 ## - EDITION STATEMENT
Edition statement 1a ed.
260 ## - PUBLICATION, DISTRIBUTION, ETC.
Place of publication, distribution, etc. ESPAÑA :
Name of publisher, distributor, etc. EDICIONES GESTIÓN 2000, S.A.,
Date of publication, distribution, etc. 2003
300 ## - PHYSICAL DESCRIPTION
Extent 556
Dimensions 23 x 16.6 x 1
520 ## - SUMMARY, ETC.
Summary, etc. ESTE LIBRO ES UNA OPORTUNIDAD REALMENTE ÚNICA PARA APRENDER DE SUS AUTORES, DISFRUTAR CON SUS SABIOS CONSEJOS Y CONVERTIRLOS EN MEJORES PERSONAS, ESTE ES UN LIBRO DE MANAGEMENT SE ESPERA LA TÍPICA SERIE DE RECETAS DE MANUAL Y ÉSTE ES TODO LO CONTRARIO; TRATA DE HACER REFLEXIONAR AL LECTOR EN UNA FORMA INTIMISTA, QUE FACILITA LA MEDITACIÓN. ADEMÁS, CABE DECIR QUE EN ALGUNO DE SUS CAPÍTULOS, SUS REFLEXIONES SON VÁLIDAS, NO SÓLO PARA EL MANAGEMENT, SINO TAMBIÉN PARA CUALQUIER SITUACIÓ
650 14 - SUBJECT ADDED ENTRY--TOPICAL TERM
Topical term or geographic name entry element ADMINISTRACION
700 1# - ADDED ENTRY--PERSONAL NAME
Personal name CEBRIAN, ALFONSO
Relator term pról.
700 1# - ADDED ENTRY--PERSONAL NAME
Personal name NADAL, JORDI
Relator term coaut.
Existencias
Withdrawn status Lost status Source of classification or shelving scheme Damaged status Not for loan Collection code Home library Current library Shelving location Date acquired Source of acquisition Inventory number Total Checkouts Full call number Barcode Date last seen Price effective from Koha item type
    Dewey Decimal Classification     General Biblioteca Karol Wojtyla Biblioteca Karol Wojtyla Sala general 03/12/2013 Compra 151000000000000000020308   658 RUP 71793 05/01/2026 03/12/2013 Libro